| 000 | 00739cam a2200229u 4500 | ||
|---|---|---|---|
| 001 | 85348 | ||
| 003 | BD-RjUL | ||
| 005 | 20250729112630.0 | ||
| 008 | 250728s1922 enk 000 0 eng | ||
| 035 | _a(BD-RjUL)85348 | ||
| 040 |
_aDLC _cCarP _dDLC _beng |
||
| 041 | _aeng | ||
| 082 |
_219 _a840 _bCAD 1922 |
||
| 100 | 1 |
_aCarrère, Jean, _d1868- _916311 |
|
| 245 | 1 | 0 |
_aDegeneration in the Great French masters, / _bJean Carrere |
| 260 |
_aLondon,: _bT. F. Unwin, limited _c c1922. |
||
| 300 |
_axix p., 1 l., _b23, 252 [1] p. _c23 cm. |
||
| 600 | 1 | 0 |
_aRousseau, Jean-Jacques, _d1712-1778. _916312 |
| 650 | 0 |
_aFrench literature _y19th century _xHistory and criticism. _916313 |
|
| 700 | 1 |
_aMcCabe, Joseph, _d1867-1955. _916314 |
|
| 942 |
_2ddc _cBK |
||
| 999 |
_c85348 _d85348 |
||